| 000 | 00578nam a2200181Ia 4500 | ||
|---|---|---|---|
| 003 | OSt | ||
| 005 | 20240119100805.0 | ||
| 008 | 230222s9999||||xx |||||||||||||| ||und|| | ||
| 040 | _cChuka University Library | ||
| 050 |
_aTHE HG 3756 _bH33 2015 |
||
| 100 |
_aHabakkuk, Barine Nkonge _97333 |
||
| 245 | 0 | _aEffect of working capital management on financial performance of two-star hotels in Embu county, Kenya | |
| 260 |
_aChuka University _bChuka _c2015 |
||
| 300 | _a52 leaves | ||
| 650 |
_aMoney management _913495 |
||
| 650 |
_aFinancial management _99274 |
||
| 942 |
_cTHE _2lcc |
||
| 999 |
_c12415 _d12415 |
||